All Lotr Characters (Difficult) - Statistics

General Stats
  • This quiz has been taken 1,158 times
    1,154 since last reset
  • The average score is 35 of 63
Answer Stats
Hint Answer % Correct
Hobbits Frodo Baggins
99%
Samwise Gamgee
98%
Bilbo Baggins
97%
Meriadoc Brandybuck
96%
Peregrin Took
96%
Gandalf
92%
Dwarves Gimli
91%
Legolas
90%
Wizards (all five) Saruman
89%
Men (or Women) Aragorn
86%
Sauron
86%
Boromir
85%
Elves Lord Elrond
84%
Gloin
82%
Thorin Oakenshield
82%
Faramir
81%
Galadriel
81%
Arwen Evenstar
80%
Radagast
77%
Fili
76%
Kili
76%
Balin
75%
Eowyn
74%
Theoden
74%
Eomer
70%
Bombur
69%
Denethor
68%
Dwalin
68%
Oin
68%
Bofur
65%
Bifur
63%
Nori
61%
Ori
61%
Celeborn
60%
Evil Gollum
58%
Dori
56%
Haldir
50%
The Witch-King of Angmar
44%
Shelob
42%
Uruk-Hai Lurtz
40%
Dain
39%
Balrog
38%
Tom Bombadil
38%
The Nazgul
34%
Other Treebeard
34%
Smaug
31%
Orcs Azog
30%
Morgoth
30%
Isildur
29%
Theodred
29%
Bolg
27%
Gothmog
24%
Ugluk
23%
Bard the Bowman
21%
Elendil
21%
Grima Wormtongue
21%
Beorn
18%
Gil-Galad
18%
The Watcher in the Water
10%
Romestamo
4%
Morinehtar
3%
Rosie Cottons
3%
Thraunduil
1%
No matching quizzes found
Score Distribution
Percent of People with Each Score
Percentile by Number Answered
Your Score History
You have not taken this quiz since the last reset